Prolog Programming for artificial intelligence
The prolog language: An overview of prolog,Syntax and meaning of prolog programs, Lists, operators, arithmetic, Using structures : Example programs, Controlling backtracking. Input and output, more built in procedures, Programming style and technique; Operations on data structures; Advanced tree rep...
Đã lưu trong:
| Príomhúdar: | |
|---|---|
| Formáid: | Leabhar |
| Teanga: | Undetermined |
| Foilsithe: |
England
Addison-wesley
1990
|
| Ábhair: | |
| Clibeanna: |
Cuir Clib Leis
Gan Chlibeanna, Bí ar an gcéad duine leis an taifead seo a chlibeáil!
|
| Thư viện lưu trữ: | Trung tâm Học liệu Trường Đại học Cần Thơ |
|---|
| LEADER | 00927nam a2200205Ia 4500 | ||
|---|---|---|---|
| 001 | CTU_23378 | ||
| 008 | 210402s9999 xx 000 0 und d | ||
| 082 | |a 006.30285 | ||
| 082 | |b B824 | ||
| 100 | |a Ivan Bratko | ||
| 245 | 0 | |a Prolog | |
| 245 | 0 | |b Programming for artificial intelligence | |
| 245 | 0 | |c Ivan Bratko | |
| 260 | |a England | ||
| 260 | |b Addison-wesley | ||
| 260 | |c 1990 | ||
| 520 | |a The prolog language: An overview of prolog,Syntax and meaning of prolog programs, Lists, operators, arithmetic, Using structures : Example programs, Controlling backtracking. Input and output, more built in procedures, Programming style and technique; Operations on data structures; Advanced tree representations. Prolog in artificial intelligence... | ||
| 650 | |a artificial intelligence - data processing,prolog ( computer language ) | ||
| 904 | |i Quyên,980528 | ||
| 980 | |a Trung tâm Học liệu Trường Đại học Cần Thơ | ||